[Event "HUN-chT2 Charousek 1819"]
[Site "Hungary"]
[Date "2019.03.31"]
[Round "10.5"]
[White "Hohl, Matthias"]
[Black "Zsirai, Peter"]
[Result "0-1"]
[WhiteElo "1925"]
[BlackElo "2308"]
[PlyCount "64"]
[EventDate "2018.09.23"]
[EventType "team-tourn"]
[EventRounds "11"]
[EventCountry "HUN"]
[SourceTitle "EXT 2021"]
[Source "ChessBase"]
[SourceDate "2020.10.23"]
[SourceVersion "1"]
[SourceVersionDate "2020.10.23"]
[SourceQuality "1"]
[WhiteTeam "Budapest HASE"]
[BlackTeam "Aquaprofit Nagykanizsa II"]
[WhiteTeamCountry "HUN"]
[BlackTeamCountry "HUN"]

1. d4 d6 2. c4 e5 3. Nf3 e4 4. Ng5 f5 5. Nc3 Be7 6. Nh3 Nf6 7. g3 c6 8. Bg2 0-0 9. 0-0 Kh8 10. b3 Be6 11. Bb2 d5 12. c5 b6 13. b4 a5 14. a3 Na6 15. Qa4 Bd7 16. Rfb1 b5 17. Qb3 Ng4 18. Nd1 Bf6 19. e3 g5 20. bxa5 Qxa5 21. Bc3 Qd8 22. a4 Nc7 23. axb5 Nxb5 24. Rxa8 Qxa8 25. Ra1 Qe8 26. Bd2 f4 27. gxf4 Qh5 28. fxg5 Bxg5 29. Nxg5 Qxg5 30. h4 Qxh4 31. Be1 Rg8 32. Kf1 Nh2+ 0-1

[Event "HUN-chT2 Charousek 1718"]
[Site "Hungary"]
[Date "2017.11.26"]
[Round "2.5"]
[White "Karsa, Laszlo"]
[Black "Zsirai, Peter"]
[Result "0-1"]
[WhiteElo "2336"]
[BlackElo "2289"]
[PlyCount "150"]
[EventDate "2017.10.29"]
[EventType "team-tourn"]
[EventRounds "9"]
[EventCountry "HUN"]
[SourceTitle "EXT 2020"]
[Source "ChessBase"]
[SourceDate "2019.10.17"]
[SourceVersion "1"]
[SourceVersionDate "2019.10.17"]
[SourceQuality "1"]
[WhiteTeam "Komlo Banyasz"]
[BlackTeam "Aquaprofit Nagykanizsa II"]
[WhiteTeamCountry "HUN"]
[BlackTeamCountry "HUN"]

1. Nf3 d6 2. g3 e5 3. d3 f5 4. e4 Nf6 5. exf5 Bxf5 6. Bg2 Be7 7. 0-0 0-0 8. c4 Nc6 9. Nc3 Rb8 10. Re1 Nb4 11. Ne4 Nxe4 12. dxe4 Bg4 13. Be3 Nc6 14. h3 Bxf3 15. Bxf3 Bg5 16. Bg2 Bxe3 17. Rxe3 Nd4 18. Rd3 b5 19. cxb5 Rxb5 20. Rxd4 exd4 21. Qxd4 Rc5 22. Qd2 Qf6 23. Re1 Rb8 24. Re2 Rcb5 25. b3 Rc5 26. Kh2 Qc3 27. Qf4 Kh8 28. h4 Qd3 29. Rd2 Qb1 30. Qe3 a5 31. Qe2 Rf8 32. f4 Qa1 33. Qf2 Rc1 34. Rc2 Qb1 35. Re2 Qd3 36. Rd2 Qc3 37. Qe2 h6 38. Rd3 Qc5 39. Rd5 Qg1+ 40. Kh3 Re1 41. Qd2 Re3 42. Rd3 Rxd3 43. Qxd3 Qc5 44. Kh2 Rb8 45. Qe2 Qd4 46. Qa6 Qc5 47. Qe2 Qb5 48. Qc2 Qb6 49. Qc4 Qc5 50. Qe2 Re8 51. Qd3 c6 52. Qd2 Rd8 53. f5 Qe5 54. Kh3 Rb8 55. Qc2 Rb6 56. Qf2 Rb4 57. Qc2 Rd4 58. f6 Qxf6 59. Qxc6 Qe6+ 60. Kh2 Qe5 61. Qc2 Rb4 62. Qd1 Rb5 63. Qf3 Rc5 64. Qf8+ Kh7 65. Qf2 Rc3 66. Kh3 Qc5 67. Qd2 Kh8 68. Qf4 Rc2 69. a4 Rc3 70. Qf7 Qe5 71. Bf3 Kh7 72. Kg2 Qf6 73. Bh5 Re3 74. Qe8 d5 75. Qd7 Qe5 0-1

[Event "HUN-chT2 Charousek 1516"]
[Site "Hungary"]
[Date "2015.11.08"]
[Round "2.4"]
[White "Makk, Robert"]
[Black "Zsirai, Peter"]
[Result "1/2-1/2"]
[WhiteElo "2226"]
[BlackElo "2295"]
[PlyCount "83"]
[EventDate "2015.10.18"]
[EventType "team-tourn"]
[EventRounds "9"]
[EventCountry "HUN"]
[SourceTitle "CBM 170 Extra"]
[Source "ChessBase"]
[SourceDate "2016.02.25"]
[SourceVersion "1"]
[SourceVersionDate "2016.02.25"]
[SourceQuality "1"]
[WhiteTeam "SZASTE"]
[BlackTeam "Aquaprofit II"]
[WhiteTeamCountry "HUN"]
[BlackTeamCountry "HUN"]

1. e4 d6 2. d4 Nf6 3. Nc3 c6 4. Nf3 Bg4 5. h3 Bh5 6. Bd3 e6 7. 0-0 Be7 8. a4 d5 9. Be3 0-0 10. Re1 Nbd7 11. e5 Ne8 12. g4 Bg6 13. Ne2 c5 14. c3 cxd4 15. Bxd4 Bxd3 16. Qxd3 Nc5 17. Bxc5 Bxc5 18. Nfd4 Nc7 19. Kg2 f6 20. Nb3 Be7 21. f4 Qd7 22. Ned4 fxe5 23. fxe5 Rf4 24. Rf1 Rxf1 25. Qxf1 Rf8 26. Qc1 Na6 27. Qe3 Nc5 28. Nd2 h6 29. N4f3 a5 30. b3 Qc6 31. Nd4 Qc8 32. N4f3 Ne4 33. Nxe4 dxe4 34. Nd4 Bg5 35. Qxe4 Qxc3 36. Rd1 Qb2+ 37. Qc2 Qxc2+ 38. Nxc2 Bf4 39. Rd7 Rf7 40. Rd8+ Rf8 41. Rd7 Rf7 42. Rd8+ 1/2-1/2

[Event "HUN-chT2 Charousek 1516"]
[Site "Hungary"]
[Date "2015.10.18"]
[Round "1.4"]
[White "Zsirai, Peter"]
[Black "Amstadt, Aron"]
[Result "0-1"]
[WhiteElo "2295"]
[BlackElo "2331"]
[PlyCount "62"]
[EventDate "2015.10.18"]
[EventType "team-tourn"]
[EventRounds "9"]
[EventCountry "HUN"]
[SourceTitle "CBM 170 Extra"]
[Source "ChessBase"]
[SourceDate "2016.02.25"]
[SourceVersion "1"]
[SourceVersionDate "2016.02.25"]
[SourceQuality "1"]
[WhiteTeam "Aquaprofit II"]
[BlackTeam "Decs 1990"]
[WhiteTeamCountry "HUN"]
[BlackTeamCountry "HUN"]

1. e4 c5 2. Nf3 e6 3. d4 cxd4 4. Nxd4 a6 5. Nc3 Qc7 6. Qf3 b5 7. a3 Bb7 8. Qg3 d6 9. Be3 Nf6 10. Bd3 Nbd7 11. Nb3 Ne5 12. f4 Nc4 13. Bxc4 Qxc4 14. Nd2 Qc7 15. 0-0 h5 16. Rae1 Be7 17. Bd4 h4 18. Qh3 e5 19. Be3 Bc8 20. Qf3 h3 21. g3 Bg4 22. Qf2 0-0 23. f5 a5 24. Nxb5 Qxc2 25. Rc1 Qxb2 26. Rb1 Qa2 27. Bg5 Rfc8 28. Ra1 Qc2 29. Bxf6 gxf6 30. Qe3 d5 31. Kh1 Kg7 0-1

[Event "HUN-chT U18"]
[Site "Budapest"]
[Date "2015.08.27"]
[Round "2.14"]
[White "Zsirai, Peter"]
[Black "Czumbel, Peter"]
[Result "1-0"]
[WhiteElo "2270"]
[BlackElo "1961"]
[PlyCount "35"]
[EventDate "2015.08.26"]
[EventType "team-swiss"]
[EventRounds "8"]
[EventCountry "HUN"]
[SourceTitle "EXT 2016"]
[Source "ChessBase"]
[SourceDate "2015.10.08"]
[SourceVersion "1"]
[SourceVersionDate "2015.10.08"]
[SourceQuality "1"]

1. e4 c5 2. Nf3 Nc6 3. Nc3 d6 4. d4 cxd4 5. Nxd4 e5 6. Ndb5 Nf6 7. Bg5 a6 8. Na3 b5 9. Nd5 Be7 10. Bxf6 gxf6 11. c3 f5 12. exf5 Bxf5 13. Nc2 0-0 14. Nce3 Bg6 15. a4 Rb8 16. axb5 axb5 17. Ra6 Qc8 18. Rxc6 1-0

[Event "World ol U16"]
[Site "Gyor"]
[Date "2014.12.20"]
[Round "9.4"]
[White "Zsirai, Peter"]
[Black "Kali, Omer"]
[Result "1/2-1/2"]
[WhiteElo "2301"]
[BlackElo "2055"]
[PlyCount "99"]
[EventDate "2014.12.13"]
[EventType "team-swiss"]
[EventRounds "10"]
[EventCountry "HUN"]
[SourceTitle "EXT 2016"]
[Source "ChessBase"]
[SourceDate "2015.10.08"]
[SourceVersion "1"]
[SourceVersionDate "2015.10.08"]
[SourceQuality "1"]
[WhiteTeam "Hungary II"]
[BlackTeam "Israel"]
[WhiteTeamCountry "HUN"]
[BlackTeamCountry "ISR"]

1. e4 e5 2. Nf3 Nc6 3. Bc4 Nf6 4. d3 Be7 5. 0-0 0-0 6. Bb3 d5 7. exd5 Nxd5 8. Re1 Bg4 9. h3 Bh5 10. g4 Bg6 11. Nxe5 Nxe5 12. Rxe5 c6 13. Qf3 Bd6 14. Re2 Kh8 15. Nc3 Nxc3 16. bxc3 f5 17. g5 f4 18. h4 Bf5 19. Be6 Bxe6 20. Rxe6 Qd7 21. Re4 Rae8 22. Rxe8 Rxe8 23. Bd2 Qf7 24. a4 Qf5 25. Re1 Rxe1+ 26. Bxe1 h6 27. Bd2 hxg5 28. Qh5+ Kg8 29. hxg5 g6 30. Qh4 b5 31. a5 a6 32. Qh6 Be7 33. Kf1 Bxg5 34. Qh1 Qd5 35. Qh3 Kg7 36. Bc1 Qf5 37. Qf3 Qd5 38. Qh3 Qf5 39. Qh1 Qd5 40. Qg1 Kf6 41. Qh2 Qf3 42. Ke1 Kf5 43. Ba3 Qh5 44. Qg1 Qg4 45. Qh1 f3 46. Kd1 Qf4 47. Qh3+ Qg4 48. Qh1 Qf4 49. Qh3+ Qg4 50. Qh1 1/2-1/2

[Event "World ol U16"]
[Site "Gyor"]
[Date "2014.12.18"]
[Round "7.4"]
[White "Abdusattorov, Nodirbek"]
[Black "Zsirai, Peter"]
[Result "1/2-1/2"]
[WhiteElo "2186"]
[BlackElo "2301"]
[PlyCount "92"]
[EventDate "2014.12.13"]
[EventType "team-swiss"]
[EventRounds "10"]
[EventCountry "HUN"]
[SourceTitle "EXT 2016"]
[Source "ChessBase"]
[SourceDate "2015.10.08"]
[SourceVersion "1"]
[SourceVersionDate "2015.10.08"]
[SourceQuality "1"]
[WhiteTeam "Uzbekistan"]
[BlackTeam "Hungary II"]
[WhiteTeamCountry "UZB"]
[BlackTeamCountry "HUN"]

1. Nf3 d6 2. d4 Bg4 3. e4 Nf6 4. Nc3 c6 5. Be2 e6 6. 0-0 Be7 7. Be3 d5 8. Nd2 Bxe2 9. Qxe2 0-0 10. Rad1 dxe4 11. Ncxe4 Nbd7 12. c4 Nxe4 13. Nxe4 Nf6 14. Nxf6+ Bxf6 15. Rd3 Qa5 16. Rfd1 Rfd8 17. a3 Rd7 18. b4 Qa4 19. h3 Rad8 20. g4 g6 21. R1d2 Qa6 22. Qf3 Bg7 23. Rc2 Qa4 24. Rcd2 Qa6 25. Rc2 Qa4 26. Rc1 a5 27. Bg5 Rc8 28. d5 cxd5 29. cxd5 Rxc1+ 30. Bxc1 exd5 31. Rxd5 axb4 32. Rxd7 Qxd7 33. axb4 Qd4 34. Qf4 Qd1+ 35. Kg2 Qd5+ 36. Qf3 Qc4 37. Bd2 b5 38. Qe3 Qd5+ 39. Kg1 h5 40. gxh5 Qxh5 41. Bc3 Bxc3 42. Qxc3 Qd1+ 43. Kg2 Qd5+ 44. Qf3 Qc4 45. Qg4 Qd5+ 46. Qf3 Qc4 1/2-1/2

[Event "HUN-chT2 Charousek 1415"]
[Site "Hungary"]
[Date "2014.11.30"]
[Round "3"]
[White "Marton, Jozsef"]
[Black "Zsirai, Peter"]
[Result "0-1"]
[WhiteElo "2159"]
[BlackElo "2269"]
[PlyCount "56"]
[EventDate "2014.10.12"]
[EventType "team-tourn"]
[EventRounds "9"]
[EventCountry "HUN"]
[SourceTitle "EXT 2016"]
[Source "ChessBase"]
[SourceDate "2015.10.08"]
[SourceVersion "1"]
[SourceVersionDate "2015.10.08"]
[SourceQuality "1"]
[WhiteTeam "Tapolca"]
[BlackTeam "Aquaprofit II"]
[WhiteTeamCountry "HUN"]
[BlackTeamCountry "HUN"]

1. Nf3 d6 2. b3 e5 3. Bb2 f5 4. e3 Nf6 5. Be2 Be7 6. c4 0-0 7. Nc3 a5 8. 0-0 Na6 9. d4 e4 10. Nd2 c6 11. d5 Kh8 12. f3 Qb6 13. Kh1 Qxe3 14. Re1 Qf4 15. g3 Qh6 16. fxe4 Nc5 17. Qc2 fxe4 18. Ncxe4 Bf5 19. Bf3 cxd5 20. cxd5 Rac8 21. Bc3 Nxd5 22. Qd1 Nxc3 23. Nxc3 Bf6 24. Nde4 Nxe4 25. Nxe4 Bxe4 26. Bxe4 Bxa1 27. Qxa1 Rf2 28. Bg2 Qd2 0-1

[Event "HUN-chT2 Charousek 1415"]
[Site "Hungary"]
[Date "2014.10.12"]
[Round "1"]
[White "Zsirai, Peter"]
[Black "Pataki, Gyozo"]
[Result "1/2-1/2"]
[WhiteElo "2269"]
[BlackElo "2322"]
[PlyCount "43"]
[EventDate "2014.10.12"]
[EventType "team-tourn"]
[EventRounds "9"]
[EventCountry "HUN"]
[SourceTitle "EXT 2016"]
[Source "ChessBase"]
[SourceDate "2015.10.08"]
[SourceVersion "1"]
[SourceVersionDate "2015.10.08"]
[SourceQuality "1"]
[WhiteTeam "Aquaprofit II"]
[BlackTeam "Decs"]
[WhiteTeamCountry "HUN"]
[BlackTeamCountry "HUN"]

1. e4 c5 2. Nf3 Nc6 3. d4 cxd4 4. Nxd4 Nf6 5. Nc3 d6 6. Bg5 e6 7. Qd2 a6 8. 0-0-0 Qb6 9. Nxc6 bxc6 10. Bc4 Rb8 11. Bb3 h6 12. Be3 Qc7 13. f4 Be7 14. Qe2 d5 15. exd5 cxd5 16. Kb1 Rb4 17. Rhf1 Ne4 18. Bd4 Rxd4 19. Rxd4 Nxc3+ 20. bxc3 Bf6 21. Rf3 Bxd4 22. cxd4 1/2-1/2

[Event "HUN-ch U16"]
[Site "Balatonlelle"]
[Date "2014.06.23"]
[Round "4"]
[White "Zsirai, Peter"]
[Black "Kaczur, Florian"]
[Result "1/2-1/2"]
[WhiteElo "2210"]
[BlackElo "2289"]
[PlyCount "49"]
[EventDate "2014.06.20"]
[EventType "swiss"]
[EventRounds "9"]
[EventCountry "HUN"]
[SourceTitle "EXT 2024"]
[Source "ChessBase"]
[SourceDate "2023.10.10"]
[SourceVersion "1"]
[SourceVersionDate "2023.10.10"]
[SourceQuality "1"]

1. e4 c5 2. Nf3 Nc6 3. Nc3 e5 4. Bc4 Be7 5. d3 Nf6 6. Nd2 0-0 7. Nf1 d6 8. Ne3 Be6 9. 0-0 a6 10. a4 Nb4 11. b3 d5 12. exd5 Nfxd5 13. Ncxd5 Bxd5 14. Bb2 Bf6 15. Nxd5 Nxd5 16. Re1 Re8 17. Qh5 Qd7 18. Bxd5 Qxd5 19. f4 g6 20. Qf3 Qd6 21. fxe5 Bxe5 22. Bxe5 Rxe5 23. Rxe5 Qxe5 24. Rf1 Qe7 25. h3 1/2-1/2

[Event "HUN-ch U16"]
[Site "Balatonlelle"]
[Date "2014.06.21"]
[Round "2"]
[White "Benedeczky, Lehel"]
[Black "Zsirai, Peter"]
[Result "0-1"]
[WhiteElo "2005"]
[BlackElo "2210"]
[PlyCount "72"]
[EventDate "2014.06.20"]
[EventType "swiss"]
[EventRounds "9"]
[EventCountry "HUN"]
[SourceTitle "EXT 2024"]
[Source "ChessBase"]
[SourceDate "2023.10.10"]
[SourceVersion "1"]
[SourceVersionDate "2023.10.10"]
[SourceQuality "1"]

1. d4 Nf6 2. c4 g6 3. Nc3 d5 4. cxd5 Nxd5 5. Bd2 Bg7 6. Nf3 0-0 7. Rc1 c6 8. e3 Nxc3 9. Bxc3 Bg4 10. h3 Bf5 11. Bc4 Nd7 12. 0-0 Nb6 13. Ba5 Qd6 14. Qb3 Nxc4 15. Qxc4 Be6 16. Qc3 Qd5 17. Nd2 b6 18. Bb4 c5 19. Ba3 cxd4 20. exd4 Rac8 21. Qf3 Qxd4 22. Nb3 Qf6 23. Qb7 Qf4 24. Bxe7 Rxc1 25. Nxc1 Re8 26. Ba3 Be5 27. g3 Qd4 28. Ne2 Qd2 29. Nc3 Bxc3 30. bxc3 Bxh3 31. Rc1 Bg4 32. Qc6 Qe2 33. Kg2 Bf5 34. Qf6 Be4+ 35. Kh3 Qh5+ 36. Qh4 Qf3 0-1

[Event "HUN-chT2 Charousek 1314"]
[Site "Hungary"]
[Date "2014.04.13"]
[Round "10"]
[White "Martini, Balazs"]
[Black "Zsirai, Peter"]
[Result "0-1"]
[WhiteElo "2305"]
[BlackElo "2217"]
[PlyCount "96"]
[EventDate "2013.09.08"]
[EventType "team-tourn"]
[EventRounds "11"]
[EventCountry "HUN"]
[SourceTitle "EXT 2016"]
[Source "ChessBase"]
[SourceDate "2015.10.08"]
[SourceVersion "1"]
[SourceVersionDate "2015.10.08"]
[SourceQuality "1"]
[WhiteTeam "Budapest HUSI"]
[BlackTeam "Nagykanizsa II"]
[WhiteTeamCountry "HUN"]
[BlackTeamCountry "HUN"]

1. c4 Nf6 2. Nc3 d5 3. cxd5 Nxd5 4. g3 g6 5. Bg2 Nb6 6. Nf3 Bg7 7. 0-0 Nc6 8. d3 0-0 9. Be3 e5 10. Rc1 Nd4 11. Bxd4 exd4 12. Ne4 c6 13. Nc5 Qe7 14. Nb3 Rd8 15. Qd2 Bf5 16. Rc2 Rd7 17. Nh4 Bg4 18. h3 Be6 19. Nc5 Rd6 20. Qb4 Rdd8 21. Qa3 Bd5 22. Bxd5 Rxd5 23. b4 Re5 24. Qb2 Rh5 25. Nf3 Rxh3 26. Kg2 Rh5 27. Nxd4 Qg5 28. e3 Qh6 29. Rg1 Rh2+ 30. Kf1 Qh5 31. Rc1 Nd5 32. Qe2 Qh3+ 33. Ke1 Re8 34. Nf3 Rxe3 35. fxe3 Rxe2+ 36. Kxe2 Qh6 37. Rgf1 Qxe3+ 38. Kd1 b6 39. Nb3 Qxd3+ 40. Ke1 Qe3+ 41. Kd1 Nxb4 42. Nbd2 Qd3 43. Re1 Bf6 44. g4 h6 45. Re4 c5 46. a4 Nd5 47. Re8+ Kg7 48. Ke1 Bc3 0-1

[Event "HUN-chT2 Charousek 1314"]
[Site "Hungary"]
[Date "2013.09.22"]
[Round "2"]
[White "Zsirai, Peter"]
[Black "Ezsol, Miklos"]
[Result "0-1"]
[WhiteElo "2217"]
[BlackElo "2367"]
[PlyCount "84"]
[EventDate "2013.09.08"]
[EventType "team-tourn"]
[EventRounds "11"]
[EventCountry "HUN"]
[SourceTitle "EXT 2016"]
[Source "ChessBase"]
[SourceDate "2015.10.08"]
[SourceVersion "1"]
[SourceVersionDate "2015.10.08"]
[SourceQuality "1"]
[WhiteTeam "Nagykanizsa II"]
[BlackTeam "Gyor Elektromos"]
[WhiteTeamCountry "HUN"]
[BlackTeamCountry "HUN"]

1. e4 c5 2. Nf3 e6 3. d4 cxd4 4. Nxd4 a6 5. Nc3 d6 6. Bd3 Be7 7. 0-0 Nf6 8. Qe2 Qc7 9. Bd2 Nc6 10. Nb3 b5 11. f4 0-0 12. Kh1 Bb7 13. Rae1 b4 14. Nd1 a5 15. c3 e5 16. Ne3 a4 17. Nc1 exf4 18. Nf5 bxc3 19. bxc3 Ne8 20. Nxe7+ Qxe7 21. Bxf4 Ne5 22. Qe3 Nc7 23. Qg3 f6 24. Bxe5 dxe5 25. Bc4+ Kh8 26. Nd3 Ba6 27. Bxa6 Nxa6 28. Rc1 Nc5 29. Qe3 Nxd3 30. Qxd3 Rfd8 31. Qc4 h6 32. Rfd1 Qa7 33. h3 Qe3 34. Rb1 Rdc8 35. Qd5 Qxc3 36. Rd3 Qc4 37. Rd2 Ra7 38. Kh2 Rac7 39. Rb6 Qf1 40. Rd6 Rc1 41. Rd7 Qf4+ 42. g3 Qf1 0-1

[Event "HUN-ch U16"]
[Site "Balatonlelle"]
[Date "2013.06.26"]
[Round "6"]
[White "Zsirai, Peter"]
[Black "Nemeti, Kornel"]
[Result "1-0"]
[WhiteElo "2199"]
[BlackElo "1997"]
[PlyCount "119"]
[EventDate "2013.??.??"]
[EventType "tourn"]
[EventRounds "9"]
[EventCountry "HUN"]
[SourceTitle "EXT 2014"]
[Source "ChessBase"]
[SourceDate "2013.11.20"]
[SourceVersion "1"]
[SourceVersionDate "2013.11.20"]
[SourceQuality "1"]

1. e4 c5 2. Nf3 Nc6 3. d4 cxd4 4. Nxd4 Nf6 5. Nc3 e5 6. Ndb5 d6 7. Bg5 a6 8. Na3 b5 9. Bxf6 gxf6 10. Nd5 f5 11. c3 Bg7 12. exf5 Bxf5 13. Nc2 0-0 14. Nce3 Be6 15. g3 Ne7 16. Bg2 Rb8 17. 0-0 Nxd5 18. Bxd5 Qe7 19. Qb3 Bh6 20. Rfe1 Rbc8 21. Rad1 Bxe3 22. Rxe3 Rfd8 23. Red3 Bxd5 24. Qxd5 Kg7 25. b3 Rc7 26. h4 Rcd7 27. Qc6 Rc7 28. Qxa6 Ra7 29. Qb6 Rxa2 30. Rxd6 Rxd6 31. Qxd6 Qxd6 32. Rxd6 Ra3 33. b4 Rxc3 34. Rd5 Kf6 35. Rxb5 e4 36. Kf1 Rc2 37. Rc5 Rb2 38. b5 Kg7 39. Ke1 h6 40. g4 Kh7 41. Kf1 Kg7 42. Rf5 Kg6 43. Ke1 Kg7 44. Re5 Kf6 45. Rh5 Kg6 46. Kf1 Kg7 47. Rc5 Kh7 48. Rc7 Rxb5 49. Rxf7+ Kg6 50. Re7 Rb4 51. Re6+ Kg7 52. h5 Ra4 53. Ke2 Rb4 54. Ke3 Ra4 55. Rxe4 Ra7 56. Re6 Rb7 57. Rg6+ Kh7 58. f4 Ra7 59. f5 Rb7 60. f6 1-0

[Event "HUN-ch U16"]
[Site "Balatonlelle"]
[Date "2013.06.22"]
[Round "2"]
[White "Zsirai, Peter"]
[Black "Csati, Oliver"]
[Result "1-0"]
[WhiteElo "2199"]
[BlackElo "2016"]
[PlyCount "69"]
[EventDate "2013.??.??"]
[EventType "tourn"]
[EventRounds "9"]
[EventCountry "HUN"]
[SourceTitle "EXT 2014"]
[Source "ChessBase"]
[SourceDate "2013.11.20"]
[SourceVersion "1"]
[SourceVersionDate "2013.11.20"]
[SourceQuality "1"]

1. e4 g6 2. d4 Bg7 3. Nf3 d5 4. exd5 Qxd5 5. Be2 Nc6 6. 0-0 Nxd4 7. Nxd4 Qxd4 8. Qe1 Be6 9. Nc3 c6 10. Be3 Qb4 11. Bd2 Qxb2 12. Rb1 Qxc2 13. Rxb7 Rd8 14. Bf3 Bf6 15. Ne4 Kf8 16. Bb4 Re8 17. Nxf6 Nxf6 18. Qe5 Qf5 19. Qxf5 Bxf5 20. Bxc6 Be4 21. Bxe4 Nxe4 22. Re1 a5 23. Bxa5 Nd6 24. Ra7 Nb5 25. Rb7 Nd6 26. Rd7 h5 27. Bc3 Rh7 28. h4 Nf5 29. g3 Ra8 30. a4 Ke8 31. Rc7 Rxa4 32. Rb1 Ra8 33. Rbb7 Kf8 34. Ra7 Rxa7 35. Rc8# 1-0

[Event "Zalakaros op 32nd"]
[Site "Zalakaros"]
[Date "2013.05.26"]
[Round "5"]
[White "Zsirai, Peter"]
[Black "Meszaros, Tamas"]
[Result "0-1"]
[WhiteElo "2199"]
[BlackElo "2415"]
[PlyCount "98"]
[EventDate "2013.05.22"]
[EventType "swiss"]
[EventRounds "9"]
[EventCountry "HUN"]
[SourceTitle "CBM 154 Extra"]
[Source "ChessBase"]
[SourceDate "2013.06.25"]
[SourceVersion "2"]
[SourceVersionDate "2013.06.25"]
[SourceQuality "1"]

1. e4 e5 2. Nf3 Nc6 3. Bc4 Bc5 4. c3 Nf6 5. d3 a6 6. Bb3 Ba7 7. h3 d6 8. Nbd2 Nh5 9. Nf1 Qf6 10. g3 h6 11. Be3 Be6 12. Bxa7 Bxb3 13. axb3 Nxa7 14. Ne3 0-0-0 15. b4 c6 16. Nd2 g6 17. c4 Qe6 18. Nb3 Kb8 19. Na5 Qd7 20. Kf1 Ng7 21. Kg2 Ne6 22. b5 axb5 23. cxb5 Nxb5 24. Nac4 Nc5 25. b4 Na6 26. Qa4 f5 27. Rhc1 f4 28. Ng4 Rhf8 29. Na5 Nd4 30. Nxc6+ Nxc6 31. b5 Nd4 32. bxa6 Qxa4 33. Rxa4 h5 34. Nh2 b5 35. Ra2 f3+ 36. Kf1 Rc8 37. Rb1 Rc3 38. Rd2 Rfc8 39. Ke1 Ka7 40. Nf1 Kxa6 41. Ne3 Nc2+ 42. Nxc2 Rxc2 43. Rb2 Rc1+ 44. Rd1 R8c2 45. Rxc1 Rxb2 46. Rc6+ Ka5 47. Rxd6 Re2+ 48. Kf1 Rc2 49. Ke1 b4 0-1

[Event "Zalakaros op 32nd"]
[Site "Zalakaros"]
[Date "2013.05.25"]
[Round "4"]
[White "Vegh, Endre"]
[Black "Zsirai, Peter"]
[Result "1/2-1/2"]
[WhiteElo "2302"]
[BlackElo "2199"]
[PlyCount "118"]
[EventDate "2013.05.22"]
[EventType "swiss"]
[EventRounds "9"]
[EventCountry "HUN"]
[SourceTitle "CBM 154 Extra"]
[Source "ChessBase"]
[SourceDate "2013.06.25"]
[SourceVersion "2"]
[SourceVersionDate "2013.06.25"]
[SourceQuality "1"]

1. d4 Nf6 2. c4 g6 3. f3 d5 4. cxd5 Nxd5 5. e4 Nb6 6. Nc3 Bg7 7. Be3 0-0 8. Qd2 Nc6 9. 0-0-0 f5 10. e5 Nb4 11. Nh3 N4d5 12. Nf4 c6 13. h4 Nxe3 14. Qxe3 Bh6 15. Kb1 e6 16. g3 Bd7 17. Qf2 Bxf4 18. gxf4 h5 19. Rg1 Be8 20. Bd3 Kh7 21. Rg5 Rg8 22. Rdg1 Bf7 23. Bc2 Qd7 24. Ne2 Rad8 25. Qg2 Nd5 26. Bb3 Qe7 27. Bxd5 Rxd5 28. Ng3 Rdd8 29. Qf2 Qb4 30. Ne2 a5 31. Rc1 Rd5 32. Qe3 Rgd8 33. Qc3 Qb6 34. Rgg1 Rb5 35. Qc2 Rb4 36. Rgd1 a4 37. Ka1 Rd7 38. Rd3 Kg7 39. a3 Rb3 40. Rxb3 axb3 41. Qc4 Rd5 42. Rc3 Qd8 43. Rxb3 b5 44. Qxc6 Qxh4 45. Qc1 Qf2 46. Qe3 Qxe3 47. Rxe3 Kh6 48. Rc3 Rd7 49. Kb1 g5 50. fxg5+ Kxg5 51. f4+ Kh6 52. Kc2 h4 53. Kd2 Kh5 54. Rc1 h3 55. Ke3 Kh4 56. Ng1 Bh5 57. Nxh3 Kxh3 58. Rh1+ Kg4 59. Rg1+ Kh4 1/2-1/2

[Event "Zalakaros op 32nd"]
[Site "Zalakaros"]
[Date "2013.05.24"]
[Round "3"]
[White "Zsirai, Peter"]
[Black "Havasi, Gergo"]
[Result "1-0"]
[WhiteElo "2199"]
[BlackElo "2040"]
[PlyCount "97"]
[EventDate "2013.05.22"]
[EventType "swiss"]
[EventRounds "9"]
[EventCountry "HUN"]
[SourceTitle "CBM 154 Extra"]
[Source "ChessBase"]
[SourceDate "2013.06.25"]
[SourceVersion "2"]
[SourceVersionDate "2013.06.25"]
[SourceQuality "1"]

1. e4 c5 2. Nf3 d6 3. d4 cxd4 4. Nxd4 Nf6 5. Nc3 a6 6. Qe2 g6 7. Bg5 Bg7 8. 0-0-0 0-0 9. e5 dxe5 10. Qxe5 Nbd7 11. Qg3 e6 12. Be2 h6 13. Be3 Kh7 14. h4 e5 15. Nb3 h5 16. Kb1 Qc7 17. f4 e4 18. Qf2 b5 19. g4 Bb7 20. gxh5 gxh5 21. Rhg1 b4 22. Na4 Rg8 23. Rg5 Bh6 24. Bxh5 Bxg5 25. fxg5 Nxh5 26. Qf5+ Kh8 27. Rxd7 Ng7 28. Qf6 Qc6 29. Rd6 Qxd6 30. Qxd6 Rgd8 31. Qh6+ Kg8 32. Bd4 Rxd4 33. Nxd4 Rd8 34. c3 bxc3 35. bxc3 e3 36. Kc1 Be4 37. g6 Bxg6 38. Qxe3 Rb8 39. Nb2 Re8 40. Qf2 Rc8 41. c4 a5 42. a4 Ne8 43. Qf4 Kf8 44. h5 Bh7 45. Ne6+ Ke7 46. Ng5 Bg8 47. h6 f6 48. h7 Bxh7 49. Nxh7 1-0